Božskému Rudolfovi II. = Divo Rodolpho II. = To divine Rudolphus II. /

Hlavní autor: Bruno, Giordano, 1548-1600
Další autoři: Kalivoda, Jan, 1952-, Štoll, Ivan, 1935-
Jazyk: Čeština
Angličtina
Vydáno: Praha : Malá Skála, 2001
Vydání: Vyd. 1.
Témata:
Externí odkaz: Digitalizovaný dokument
Fyzický popis: 7 slož. l., [44] s. v papírovém obalu il. ; 15 cm
Knihy
Uloženo v:
LEADER 01986nam a2200505 a 4500
001 000744182
003 CZ BrMZK
005 20200819124739.0
007 ta
008 041018s2001 xr a er 000 0bczeoc
015 |a cnb001174465 
020 |a 80-902777-4-8  |q (brož.) 
040 |a BOA001  |b cze 
041 1 |a cze  |a eng  |h lat 
072 7 |a 5  |x Přírodní vědy. Matematické vědy  |2 Konspekt  |9 6 
072 7 |a 929  |x Biografie  |2 Konspekt  |9 8 
080 |a 929  |2 MRF 
080 |a 52  |2 MRF 
080 |a 514  |2 MRF 
080 |a 101  |2 MRF 
080 |a 1+001  |2 MRF 
080 |a (092)  |2 MRF 
080 |a (048.8)  |2 MRF 
100 1 |a Bruno, Giordano,  |d 1548-1600  |7 jn20000700247  |4 aut 
245 1 0 |a Božskému Rudolfovi II. =  |b Divo Rodolpho II. = To divine Rudolphus II. /  |c Giordano Bruno ; [z latinského originálu přeložil Jan Kalivoda] 
246 3 1 |a Outlaw and the Emperor 
246 3 1 |a Divo Rodolpho II. 
246 3 1 |a To divine Rudolphus II. 
250 |a Vyd. 1. 
260 |a Praha :  |b Malá Skála,  |c 2001 
300 |a 7 slož. l., [44] s. v papírovém obalu  |b il. ;  |c 15 cm 
501 |a Obsahuje též: Štvanec a císař / napsal a přeložil Ivan Štoll 
500 |a Dostupné též v digitální podobě v aplikaci Kramerius 
600 1 7 |a Bruno, Giordano,  |d 1548-1600  |7 jn20000700247  |2 czenas 
650 0 7 |a astronomie  |7 ph114088  |x filozofické aspekty  |2 czenas 
650 0 7 |a geometrie  |7 ph114624  |x filozofické aspekty  |2 czenas 
650 0 7 |a filozofie a věda  |7 ph114542  |y 16. stol.  |2 czenas 
655 7 |a biografie  |7 fd131909  |2 czenas 
655 7 |a studie  |7 fd133597  |2 czenas 
700 1 |a Kalivoda, Jan,  |d 1952-  |7 jn20001103153  |4 trl 
700 1 2 |a Štoll, Ivan,  |d 1935-  |t Štvanec a císař 
856 4 1 |u http://www.digitalniknihovna.cz/mzk/uuid/uuid:1c98e550-e5f2-11ea-87fa-005056827e52  |y Digitalizovaný dokument  |x NDK 
910 |a BOA001  |b 1-1141.209 
990 |a BK 
996 6 |b 2610230451  |c 1-1141.209  |l MZK  |r Sklad / do 1 hodiny  |n 5  |p p.v.  |w 000744182  |u 000010  |a 1  |e BOA001  |j MZK50  |s P